header

Stable isotope forensics (Record no. 97592)

MARC details
000 -LEADER
fixed length control field 01190nam a2200289Ia 4500
100 1# - MAIN ENTRY--AUTHOR NAME
Personal name Meier-Augenstein, Wolfram.
245 10 - TITLE STATEMENT
Title Stable isotope forensics
260 ## - PUBLICATION, DISTRIBUTION, ETC. (IMPRINT)
Place of publication Chichester, West Sussex ;
-- Hoboken, NJ :
Name of publisher J. Wiley,
Year of publication 2010.
300 ## - PHYSICAL DESCRIPTION
Number of Pages xxiv, 271 p.
650 #0 - SUBJECT ADDED ENTRY--TOPICAL TERM
Topical Term Chemistry, Forensic.
Topical Term Stable isotopes.
856 40 - ELECTRONIC LOCATION AND ACCESS
Uniform Resource Identifier http://site.ebrary.com/lib/rucke/Doc?id=10377787

No items available.

© 2026 Rongo University
Contact us: librarian | system librarian | Rongo university